| 000 | 01770nam a22003017a 4500 | ||
|---|---|---|---|
| 003 | PE SENCICO BE | ||
| 005 | 20251020182621.0 | ||
| 008 | 221130b |||||||| |||| 00| 0 eng d | ||
| 020 | _a978-612-304-524-1 | ||
| 040 |
_aPE SENCICO BE _cPE SENCICO BE |
||
| 041 | _aspa | ||
| 082 |
_a530 _bC28 |
||
| 100 | 1 |
_9162 _aCasado Márquez, Martín |
|
| 245 | 1 |
_aFísica general / _cJosé Martín Casado Márquez |
|
| 250 | _a1a d. | ||
| 260 |
_aLima: _bMacro, _c2017 |
||
| 300 |
_a492 p.: _bdiagrs. _c25 cm. |
||
| 504 | _aBibliografía: p. [493-494]. | ||
| 505 | _aMedición e incertidumbre -- Cinemática de la partícula -- Cinética de la partícula -- Dinámica de sistemas de partículas -- Dinámica del cuerpo rígido -- Estática -- Introducción a la teoría de la elasticidad -- Gravitación. | ||
| 520 | _aLa presente publicación desarrolla el estudio de la física desde el punto de vista teórico y práctico. Su finalidad es capacitar al lector para resolver problemas sobre el fenómeno a evaluar en el contexto más real posible e interpretar los resultados con el fin de pronosticar o prever situaciones similares, para luego aplicarlos en los cursos de su especialidad o campo profesional. Esta obra contiene temas fundamentales como la medición y la incertidumbre, la cinemática, la cinética, la dinámica, el equilibrio, la estática, la teoría de la elasticidad y la gravitación. Presenta más de 600 problemas resueltos y propuestos, información de interés actual y desarrolla casos particulares de la física. | ||
| 650 | 1 | 0 |
_aFísica _974 |
| 650 | 2 | 0 |
_aCinemática _9163 |
| 650 | 2 | 0 |
_aCinética _9164 |
| 650 | 2 | 0 |
_aEstática _9165 |
| 910 |
_bhfp _chfp |
||
| 942 |
_2ddc _cLIB _h530 _iC28 |
||
| 999 |
_c3660 _d3660 |
||